[Event "Marseille (5eme open)"]
[Site "?"]
[Date "2004.06.27"]
[Round "3"]
[White "Radulski Julian"]
[Black "Maruejols Claude"]
[Result "1/2-1/2"]
[WhiteElo "2497"]
[BlackElo "2041"]
[PlyCount "71"]
[EventDate "2004.??.??"]
[Source "www.chesslib.no"]
[SourceDate "2004.05.04"]

1. e4 c5 2. Nc3 d6 3. Nf3 Nf6 4. d4 cxd4 5. Nxd4 a6 6. Bg5 e6 7. f4 Be7 8. Qf3 h6 9. Bh4 Qc7 10. O-O-O Nbd7 11. Qg3 Rg8 12. Be2 g5 13. fxg5 hxg5 14. Bxg5 Ne5 15. Qh4 Nfg4 16. Bxe7 Qxe7 17. Qxe7+ Kxe7 18. Bxg4 Rxg4 19. Rd2 b5 20. a3 Bb7 21. Rhd1 Nc4 22. Re2 Rc8 23. Rd3 Ne5 24. Rh3 Rc4 25. Nf3 Bxe4 26. Nd2 Bxg2 27. Rg3 Rxg3 28. hxg3 Rxc3 29. bxc3 Bd5 30. Rh2 Nc4 31. Nxc4 Bxc4 32. Rh8 a5 33. a4 bxa4 34. Ra8 a3 35. Rxa5 a2 36. Kd2 1/2-1/2

[Event "Budapest FS02 IM"]
[Site "Budapest HUN"]
[Date "1993.??.??"]
[Round "?"]
[White "Wegener, Dirk"]
[Black "Bordas, Gyula"]
[Result "1-0"]
[WhiteElo "2305"]
[BlackElo "2220"]
[PlyCount "103"]
[EventDate "1993.02.??"]
[Source "www.chesslib.no"]
[SourceDate "2004.05.04"]

1. e4 c5 2. Nf3 d6 3. d4 cxd4 4. Nxd4 Nf6 5. Nc3 a6 6. Bg5 e6 7. f4 Be7 8. Qf3 h6 9. Bh4 Nbd7 10. Bd3 g5 11. fxg5 Ne5 12. Qe2 Nfg4 13. Nf3 hxg5 14. Bg3 Qb6 15. O-O-O Qe3+ 16. Qxe3 Nxe3 17. Rd2 N3c4 18. Bxc4 Nxc4 19. Rf2 f6 20. b3 Ne5 21. Na4 Bd8 22. Nxe5 dxe5 23. Rd1 O-O 24. Bxe5 b5 25. Bd6 Re8 26. Nc5 Kg7 27. e5 f5 28. g4 Kg6 29. Rdf1 Bb6 30. Rf3 Ra7 31. h3 Rf7 32. Kb2 Bxc5 33. Bxc5 Rh8 34. Rd3 Bb7 35. Rd6 Re8 36. Rf2 a5 37. Bb6 Be4 38. c4 fxg4 39. Rxf7 Kxf7 40. hxg4 Bf3 41. cxb5 Bxg4 42. Bxa5 Bf3 43. a4 Kg6 44. Rd8 Re7 45. Rg8+ Kf5 46. Rxg5+ Ke4 47. Bb4 Rh7 48. Rg3 Kf4 49. Rxf3+ Kxf3 50. a5 Ke4 51. a6 Kd5 52. b6 1-0

[Event "It (Open) Duesseldorf GER"]
[Site "?"]
[Date "2005.12.27"]
[Round "2"]
[White "Berelovich Aleksandar"]
[Black "Eilers Jochen"]
[Result "1-0"]
[WhiteElo "2571"]
[BlackElo "1917"]
[PlyCount "59"]
[EventDate "2005.??.??"]
[Source "www.chesslib.no"]
[SourceDate "2004.05.04"]

1. e4 c5 2. Nf3 d6 3. d4 cxd4 4. Nxd4 Nf6 5. Nc3 a6 6. Bg5 e6 7. f4 Be7 8. Qf3 h6 9. Bh4 Nbd7 10. Bg3 Qc7 11. O-O-O Rb8 12. e5 dxe5 13. fxe5 Nh7 14. Kb1 O-O 15. Bd3 Nc5 16. Ne4 Ng5 17. Nxg5 Bxg5 18. h4 Be7 19. Bf4 Nxd3 20. Rxd3 b5 21. Qg4 Kh7 22. Rg3 g6 23. Bc1 Qxe5 24. Nc6 Qd6 25. Nxe7 Qxe7 26. Qf4 e5 27. Qxh6+ Kg8 28. h5 Bf5 29. hxg6 fxg6 30. Qh8+ 1-0

[Event "Brasilia Cup 3th"]
[Site "Brasilia"]
[Date "1999.08.25"]
[Round "9"]
[White "Matsuura, Everaldo"]
[Black "Januario, Severino"]
[Result "1-0"]
[WhiteElo "2408"]
[BlackElo "2074"]
[PlyCount "93"]
[EventDate "1999.08.19"]
[Source "www.chesslib.no"]
[SourceDate "2004.05.04"]

1. e4 c5 2. Nf3 d6 3. d4 cxd4 4. Nxd4 Nf6 5. Nc3 a6 6. Bg5 e6 7. f4 Be7 8. Qf3 h6 9. Bh4 Nbd7 10. O-O-O Qc7 11. Bg3 Nb6 12. e5 dxe5 13. fxe5 Nfd5 14. Nxd5 Nxd5 15. Kb1 b5 16. Nf5 Rg8 17. Nd6+ Bxd6 18. exd6 Qc6 19. Bd3 Bb7 20. Rhe1 Qd7 21. Be4 Kd8 22. Bxd5 Bxd5 23. Rxd5 exd5 24. Re7 Qxe7 25. dxe7+ Kxe7 26. Qe3+ Kf6 27. Qb6+ Kf5 28. a3 Rge8 29. Qb7 Kg6 30. Qc6+ Kh7 31. Qxd5 Kg8 32. Qc6 Rec8 33. Qb7 Re8 34. Ka2 Rec8 35. Be5 f6 36. Bc3 Rcb8 37. Qd5+ Kh8 38. Ba5 Rc8 39. g4 Rab8 40. Qd6 Ra8 41. Kb3 Rc4 42. h3 Re4 43. Qc6 Ree8 44. h4 Rec8 45. Qb7 Rcb8 46. Qd7 Rc8 47. g5 1-0

[Event "WYb16"]
[Site "Kemer TUR"]
[Date "2007.11.28"]
[Round "11"]
[White "Kuchynka, Luk"]
[Black "Mustafaev, K."]
[Result "1-0"]
[WhiteElo "2188"]
[BlackElo "2293"]
[PlyCount "69"]
[EventDate "2007.11.18"]
[Source "www.chesslib.no"]
[SourceDate "2004.05.04"]

1. e4 c5 2. Nf3 d6 3. d4 cxd4 4. Nxd4 Nf6 5. Nc3 a6 6. Bg5 e6 7. f4 h6 8. Bh4 Be7 9. Qf3 Qc7 10. O-O-O Nbd7 11. g4 g5 12. fxg5 Ne5 13. Qg3 Nfxg4 14. gxh6 Bxh4 15. Qxh4 Qe7 16. Qg3 Rxh6 17. h4 Bd7 18. Be2 Nf6 19. Qf4 Qf8 20. Nf3 Nh5 21. Qg5 f6 22. Qe3 Rh8 23. Qb6 Bc6 24. Nd4 Qe7 25. Bxh5+ Rxh5 26. Qb3 Kd7 27. Na4 Rb8 28. Nb6+ Ke8 29. Nxe6 Qh7 30. Rhg1 Rxh4 31. Rg7 Qh6+ 32. Kb1 Bd7 33. Nc7+ Kd8 34. Rg8+ Ke7 35. Rxb8 1-0

[Event "Corr"]
[Site "?"]
[Date "2002.06.15"]
[Round "?"]
[White "Cholojczyk Zbigniew (POL)"]
[Black "Cranbourne Carlos Leon (ARG)"]
[Result "1-0"]
[WhiteElo "2033"]
[BlackElo "2447"]
[PlyCount "69"]
[EventDate "2002.??.??"]
[Source "www.chesslib.no"]
[SourceDate "2004.05.04"]

1. e4 c5 2. Nf3 d6 3. d4 cxd4 4. Nxd4 Nf6 5. Nc3 a6 6. Bg5 e6 7. f4 Be7 8. Qf3 h6 9. Bh4 g5 10. fxg5 Nfd7 11. Qh5 Ne5 12. Bf2 Bxg5 13. Be2 Qe7 14. Nf3 Bf6 15. Nxe5 dxe5 16. O-O Nd7 17. Rad1 b5 18. Be3 Rh7 19. Rf3 Bg5 20. Bxg5 Qxg5 21. Qh3 Qe7 22. Qg3 Qg5 23. Qf2 Qe7 24. Rg3 Kf8 25. Rg6 h5 26. a3 Rb8 27. b4 h4 28. Rf1 Rb7 29. Qe3 Rc7 30. Qd2 Bb7 31. Bg4 Rc6 32. a4 Nb6 33. axb5 axb5 34. Rh6 Nc4 35. Qc1 1-0

[Event "It (Men) Santiago CHI"]
[Site "?"]
[Date "2005.01.05"]
[Round "4"]
[White "Sepulveda Jorge"]
[Black "Lenoir Ibacac Gabriel Alberto"]
[Result "0-1"]
[WhiteElo "2270"]
[BlackElo "2202"]
[PlyCount "108"]
[EventDate "2005.??.??"]
[Source "www.chesslib.no"]
[SourceDate "2004.05.04"]

1. e4 c5 2. Nf3 d6 3. d4 cxd4 4. Nxd4 Nf6 5. Nc3 a6 6. Bg5 e6 7. f4 h6 8. Bh4 Be7 9. Qf3 Qc7 10. O-O-O Nbd7 11. g4 g5 12. Bf2 gxf4 13. Be2 Ne5 14. Qxf4 Nfxg4 15. h4 Nxf2 16. Qxf2 Bd7 17. Nf5 exf5 18. Nd5 Qc5 19. Qxc5 dxc5 20. Nc7+ Kf8 21. Nxa8 Bc6 22. Nb6 fxe4 23. Nc4 Ng6 24. Na5 Bxh4 25. Nxc6 bxc6 26. Rd6 Bg5+ 27. Kb1 Ne5 28. Bxa6 Ke7 29. Rdd1 f5 30. Be2 f4 31. Rde1 f3 32. Bxf3 Nxf3 33. Rxe4+ Kd6 34. Rd1+ Kc7 35. Ra4 Re8 36. Ra7+ Kb6 37. Rh7 c4 38. a4 Ra8 39. b3 Kc5 40. Kb2 Re8 41. Ka3 Re3 42. Rhd7 Rc3 43. Rb7 Nd4 44. a5 Nxc2+ 45. Kb2 Bf6 46. a6 Nb4 47. a7 Rxb3+ 48. Kc1 Bg5+ 49. Rd2 Nd3+ 50. Kd1 Ra3 51. Rc2 Nf4 52. Ke1 Nd5 53. Re2 Bh4+ 54. Kf1 Ra1+ 0-1

[Event "Politiken Cup"]
[Site "Helsingor DAN"]
[Date "2008.07.27"]
[Round "10"]
[White "Humphrey, J."]
[Black "Akdag, D."]
[Result "1-0"]
[WhiteElo "2289"]
[BlackElo "2172"]
[PlyCount "93"]
[EventDate "2008.07.19"]
[Source "www.chesslib.no"]
[SourceDate "2004.05.04"]

1. e4 c5 2. Nf3 d6 3. d4 cxd4 4. Nxd4 Nf6 5. Nc3 a6 6. Bg5 e6 7. f4 Be7 8. Qf3 h6 9. Bh4 g5 10. fxg5 Nfd7 11. Qh5 Ne5 12. Bg3 Bxg5 13. Nf3 Nbc6 14. Rd1 Nxf3+ 15. Qxf3 Qb6 16. Rxd6 Qxb2 17. Be2 Qb6 18. Bf2 Qb4 19. Rxc6 bxc6 20. e5 Bb7 21. a3 Qf4 22. Ne4 Qxe5 23. O-O Be7 24. Re1 O-O-O 25. Bg3 Qd4+ 26. Kh1 Rd7 27. Qf4 e5 28. Qf5 c5 29. Bxe5 Qxe4 30. Qxe4 Bxe4 31. Bxh8 Rd2 32. Bxa6+ Kd8 33. Ra1 Bg5 34. Bd3 f5 35. Bc3 Rf2 36. Be1 Rf4 37. Bg3 Rg4 38. Be2 Rxg3 39. hxg3 Bxc2 40. Bc4 Ke7 41. Re1+ Be4 42. a4 Kf6 43. Rxe4 fxe4 44. a5 Ke5 45. a6 Kd4 46. Be2 Ke3 47. Bb5 1-0

[Event "Seefeld Open"]
[Site "Seefeld"]
[Date "1993.??.??"]
[Round "7"]
[White "Lawitsch, Guenther"]
[Black "Kotter, Ralf"]
[Result "1/2-1/2"]
[WhiteElo "2150"]
[BlackElo "2270"]
[PlyCount "119"]
[EventDate "1993.??.??"]
[Source "www.chesslib.no"]
[SourceDate "2004.05.04"]

1. e4 c5 2. Nf3 e6 3. d4 cxd4 4. Nxd4 Nf6 5. Nc3 d6 6. Bg5 Be7 7. f4 h6 8. Bh4 a6 9. Qf3 Qc7 10. O-O-O Nbd7 11. g4 b5 12. Bxf6 gxf6 13. a3 Bb7 14. f5 e5 15. Nb3 Rc8 16. h3 Nc5 17. Nxc5 Qxc5 18. Rh2 b4 19. axb4 Qxb4 20. Nd5 Bxd5 21. Rxd5 Rb8 22. c3 Qa4 23. Kb1 Kd7 24. Qd3 Rb6 25. Qc4 Qxc4 26. Bxc4 Rc8 27. Bd3 Rxc3 28. Bb5+ axb5 29. bxc3 Bd8 30. Rb2 Kc6 31. Rb4 Bc7 32. Kc2 Ra6 33. Kb2 Bb6 34. Rbxb5 Bc5 35. Rb8 Ra4 36. Kc2 Rxe4 37. Rd3 Re2+ 38. Rd2 Re3 39. Rh2 Kd5 40. Ra8 Rg3 41. Ra4 Be3 42. Rh1 Bg1 43. Ra1 Bc5 44. Ra4 e4 45. Re1 e3 46. Kd3 Rxh3 47. Rf4 h5 48. c4+ Kc6 49. gxh5 Rxh5 50. Re2 Rh1 51. Ra2 Rh3 52. Ke4 Rh1 53. Rg4 Rd1 54. Kf3 Rc1 55. Ra6+ Kb7 56. Ra2 Kb6 57. Ke2 Rc3 58. Kf3 Kc6 59. Ra6+ Kb7 60. Ra2 1/2-1/2

[Event "Mandelieu"]
[Site "?"]
[Date "1992.??.??"]
[Round "4"]
[White "Boudre"]
[Black "Jordan"]
[Result "1-0"]
[WhiteElo "2405"]
[BlackElo "1990"]
[PlyCount "49"]
[EventDate "1992.??.??"]
[Source "www.chesslib.no"]
[SourceDate "2004.05.04"]

1. e4 c5 2. Nf3 d6 3. d4 cxd4 4. Nxd4 Nf6 5. Nc3 a6 6. Bg5 e6 7. f4 Be7 8. Qf3 h6 9. Bh4 g5 10. fxg5 Nfd7 11. Qh5 Ne5 12. Nf3 Nbc6 13. Bg3 Qa5 14. Nxe5 Nxe5 15. Bb5+ axb5 16. Bxe5 Bxg5 17. Bxh8 b4 18. e5 bxc3 19. O-O Qc5+ 20. Kh1 d5 21. Qxf7+ Kd8 22. b4 Qxb4 23. Rab1 Qc5 24. Bf6+ Bxf6 25. exf6 1-0

[Event "It \"]
[Site "Ilyichevsk (Ukraine)"]
[Date "2007.07.21"]
[Round "2"]
[White "Ogleznev Alexandr (MDA)"]
[Black "Efremova Yulia (UKR)"]
[Result "1-0"]
[WhiteElo "2280"]
[BlackElo "2101"]
[PlyCount "104"]
[EventDate "2007.??.??"]
[Source "www.chesslib.no"]
[SourceDate "2004.05.04"]

1. e4 c5 2. Nf3 d6 3. d4 cxd4 4. Nxd4 Nf6 5. Nc3 a6 6. Bg5 e6 7. f4 Be7 8. Qf3 h6 9. Bh4 g5 10. fxg5 Nfd7 11. Nxe6 Ne5 12. Nxd8 Nxf3+ 13. gxf3 hxg5 14. Bg3 Bxd8 15. Bxd6 Be6 16. O-O-O Nd7 17. Be2 Rc8 18. Nd5 Rc6 19. Bb4 Rh3 20. f4 Nc5 21. Bxc5 Rxc5 22. fxg5 Bxg5+ 23. Kb1 Bxd5 24. exd5 Bf4 25. Rhe1 Kd8 26. Rf1 Bxh2 27. Rxf7 Rc7 28. Rf8+ Ke7 29. Rf2 Be5 30. Bd3 Kd6 31. Rf8 Rh8 32. Rxh8 Bxh8 33. Bf5 Rf7 34. Be6 Rf2 35. a3 a5 36. Rh1 Bd4 37. Rh4 Be3 38. Re4 Bd2 39. Ka2 Rf4 40. Re2 Rd4 41. c3 Rd3 42. Bf5 Rf3 43. Bc8 Bf4 44. Bxb7 Rg3 45. Bc6 Be5 46. Re4 Rg2 47. Kb3 Rg7 48. Ra4 Ra7 49. Kc4 Bf6 50. Kb5 Bd8 51. c4 Rg7 52. c5+ Kc7 1-0

[Event "Knjaz Milos Jezero Open"]
[Site "?"]
[Date "2004.08.21"]
[Round "5"]
[White "Carnic Dejan"]
[Black "Cerovic Danilo"]
[Result "1-0"]
[WhiteElo "2235"]
[BlackElo "2144"]
[PlyCount "53"]
[EventDate "2004.??.??"]
[Source "www.chesslib.no"]
[SourceDate "2004.05.04"]

1. e4 c5 2. Nf3 d6 3. d4 Nf6 4. Nc3 cxd4 5. Nxd4 a6 6. Bg5 e6 7. f4 Be7 8. Qf3 h6 9. Bh4 Qc7 10. O-O-O Nbd7 11. Bf2 Rb8 12. Bd3 b5 13. Rhe1 Nc5 14. e5 Bb7 15. Qg3 Nh5 16. Qg4 Nxd3+ 17. Rxd3 Nxf4 18. Rd2 dxe5 19. Qxg7 Rf8 20. Rxe5 b4 21. Ne4 Bd5 22. Nf6+ Bxf6 23. Qxf6 Ng6 24. Rxd5 exd5 25. Bg3 Qb6 26. Re2+ Kd7 27. Qf5+ 1-0

[Event "Leutersdorf"]
[Site "?"]
[Date "2001.02.14"]
[Round "6"]
[White "Werner Daniel"]
[Black "Shmirin Igor"]
[Result "1/2-1/2"]
[WhiteElo "2047"]
[BlackElo "2304"]
[PlyCount "41"]
[EventDate "2001.??.??"]
[Source "www.chesslib.no"]
[SourceDate "2004.05.04"]

1. e4 c5 2. Nf3 d6 3. d4 cxd4 4. Nxd4 Nf6 5. Nc3 a6 6. Bg5 e6 7. f4 Be7 8. Qf3 h6 9. Bh4 g5 10. fxg5 Nfd7 11. O-O-O Ne5 12. Qf2 hxg5 13. Bg3 Nbd7 14. Be2 b5 15. Rdf1 Qb6 16. Bg4 Rh7 17. Bxe6 fxe6 18. Nxe6 Qxf2 19. Nc7+ Kd8 20. Ne6+ Ke8 21. Nc7+ 1/2-1/2

[Event "Open San Agustin"]
[Site "?"]
[Date "2003.08.21"]
[Round "7.15"]
[White "Suarez Real Alberto"]
[Black "Alvarez Fernandez Enrique"]
[Result "1/2-1/2"]
[WhiteElo "2229"]
[BlackElo "2116"]
[PlyCount "50"]
[EventDate "2003.??.??"]
[Source "www.chesslib.no"]
[SourceDate "2004.05.04"]

1. e4 c5 2. Nf3 d6 3. d4 cxd4 4. Nxd4 Nf6 5. Nc3 a6 6. Bg5 e6 7. f4 Be7 8. Qf3 h6 9. Bh4 g5 10. fxg5 Nfd7 11. Nxe6 fxe6 12. Qh5+ Kf8 13. Bb5 Rh7 14. O-O+ Kg8 15. g6 Rg7 16. Rf7 Bxh4 17. Qxh6 Rxf7 18. gxf7+ Kxf7 19. Rf1+ Bf6 20. Qh7+ Ke8 21. Qg8+ Ke7 22. Qh7+ Ke8 23. Qg8+ Ke7 24. Qh7+ Ke8 25. Qg8+ Ke7 1/2-1/2

[Event "It (Open) Schwarzach AUT"]
[Site "?"]
[Date "2005.08.??"]
[Round "3"]
[White "Steiner Adam"]
[Black "Panajotov Radoslaw"]
[Result "0-1"]
[WhiteElo "2126"]
[BlackElo "2216"]
[PlyCount "80"]
[EventDate "2005.??.??"]
[Source "www.chesslib.no"]
[SourceDate "2004.05.04"]

1. e4 c5 2. Nf3 d6 3. d4 cxd4 4. Nxd4 Nf6 5. Nc3 a6 6. Bg5 e6 7. f4 Be7 8. Qf3 h6 9. Bh4 g5 10. fxg5 Nfd7 11. Nxe6 fxe6 12. Qh5+ Kf8 13. Bb5 Rh7 14. O-O+ Kg8 15. g6 Rg7 16. Rf7 Bxh4 17. Qxh6 Qf6 18. Rxf6 Bxf6 19. e5 Bxe5 20. Bd3 Nc5 21. Rf1 Nc6 22. Ne4 Nxe4 23. Bxe4 Bd7 24. h4 Nd4 25. Qd2 Bb5 26. Bd3 Bxd3 27. Qxd3 Nf5 28. h5 Ng3 29. Rf7 Nxh5 30. Qb3 Rxg6 31. Qxb7 Rf8 32. Rxf8+ Kxf8 33. Qxa6 Nf4 34. Qc8+ Kg7 35. b4 Rxg2+ 36. Kf1 Bd4 37. Ke1 Kh7 38. Qc7+ Rg7 39. Qxd6 Be3 40. Qa6 Rg1+ 0-1

[Event "GER-chT U20"]
[Site "?"]
[Date "2001.12.29"]
[Round "6.3"]
[White "Ketelaar Felix"]
[Black "Haucke Alexander"]
[Result "0-1"]
[WhiteElo "2096"]
[BlackElo "2224"]
[PlyCount "68"]
[EventDate "2001.??.??"]
[Source "www.chesslib.no"]
[SourceDate "2004.05.04"]

1. e4 c5 2. Nf3 d6 3. d4 cxd4 4. Nxd4 Nf6 5. Nc3 a6 6. Bg5 e6 7. f4 Be7 8. Qf3 h6 9. Bh4 Qa5 10. O-O-O Nbd7 11. Nb3 Qc7 12. Bd3 b5 13. Rhe1 Bb7 14. Qe2 b4 15. Nd5 exd5 16. exd5 O-O 17. Qxe7 Rfe8 18. Bxf6 Rxe7 19. Bxe7 Nb6 20. Be4 Kh8 21. Bh4 a5 22. Bf2 a4 23. Bxb6 Qxb6 24. Nd4 Qc5 25. Nc6 b3 26. a3 Re8 27. Bd3 Rxe1 28. Rxe1 g6 29. Ne7 Qf2 30. Re2 Qxf4+ 31. Kd1 Qd4 32. Kc1 Bxd5 33. Nxd5 Qxd5 34. c3 Qxd3 0-1

[Event "San Salvador (2eme tournoi)"]
[Site "?"]
[Date "2003.12.15"]
[Round "9"]
[White "Ancheta Jorge"]
[Black "Infante Salvador"]
[Result "0-1"]
[WhiteElo "2045"]
[BlackElo "2252"]
[PlyCount "46"]
[EventDate "2003.??.??"]
[Source "www.chesslib.no"]
[SourceDate "2004.05.04"]

1. e4 c5 2. Nf3 d6 3. d4 Nf6 4. Nc3 cxd4 5. Nxd4 a6 6. Bg5 e6 7. f4 Be7 8. Qf3 h6 9. Bh4 Qc7 10. O-O-O Nbd7 11. Nb3 b5 12. Bf2 b4 13. Nb1 Bb7 14. Bd3 a5 15. Nd4 O-O 16. Rhe1 Nc5 17. g4 Rac8 18. g5 hxg5 19. fxg5 Nfxe4 20. Rxe4 Bxg5+ 21. Be3 Nxd3+ 22. Rxd3 f5 23. Qe2 fxe4 0-1

[Event "Nachod op 5th"]
[Site "Nachod"]
[Date "1999.??.??"]
[Round "6"]
[White "Herejk, Petr"]
[Black "Lopusiewicz, Piotr"]
[Result "0-1"]
[WhiteElo "2135"]
[BlackElo "2154"]
[PlyCount "72"]
[EventDate "1999.??.??"]
[Source "www.chesslib.no"]
[SourceDate "2004.05.04"]

1. e4 c5 2. d4 cxd4 3. Nf3 d6 4. Nxd4 Nf6 5. Nc3 a6 6. Bg5 e6 7. f4 Be7 8. Qf3 h6 9. Bh4 g5 10. fxg5 Nfd7 11. Nxe6 fxe6 12. Qh5+ Kf8 13. Be2 Ne5 14. O-O+ Kg7 15. Rf6 Bxf6 16. gxf6+ Kh7 17. Rf1 Qf8 18. f7 Nbd7 19. Nd5 exd5 20. exd5 Qg7 21. Be7 Rf8 22. Bxf8 Nxf8 23. Qh4 Qg5 24. Qe4+ Qg6 25. Qb4 b5 26. Qh4 Qg5 27. Qe4+ Kg7 28. h4 Qg6 29. Qf4 Ra7 30. h5 Qg5 31. Qb4 Bh3 32. Qe4 Re7 33. Kh1 Bg4 34. Bxg4 Qxg4 35. Qe3 Qxh5+ 36. Kg1 Rxf7 0-1

[Event "San Jose op"]
[Site "San Jose"]
[Date "1998.??.??"]
[Round "2"]
[White "Gimeno Oteo, Marco Antonio"]
[Black "Repolles Bel, Antonio"]
[Result "1-0"]
[WhiteElo "2245"]
[BlackElo "2035"]
[PlyCount "61"]
[EventDate "1998.??.??"]
[Source "www.chesslib.no"]
[SourceDate "2004.05.04"]

1. e4 c5 2. Nf3 d6 3. d4 cxd4 4. Nxd4 Nf6 5. Nc3 a6 6. Bg5 e6 7. f4 Be7 8. Qf3 h6 9. Bh4 Qb6 10. O-O-O Bd7 11. e5 dxe5 12. fxe5 Ng8 13. Bf2 Qc7 14. Qg3 Bf8 15. Ne4 g6 16. Nb3 Nc6 17. Bc5 Rd8 18. Bd6 Bxd6 19. Nxd6+ Kf8 20. Bd3 Nge7 21. Rhf1 Nf5 22. Bxf5 exf5 23. Nxf7 Nb4 24. Rf2 Rc8 25. Nxh8 Nxc2 26. Nxg6+ Ke8 27. Rxd7 Qc4 28. Qc3 Nb4 29. Re7+ Kd8 30. Qxc4 Rxc4+ 31. Kd1 1-0

[Event "DDR Ch women"]
[Site "Salzwedel"]
[Date "1982.??.??"]
[Round "10"]
[White "Wagner-Michel, Annett"]
[Black "Broeder, Iris"]
[Result "1/2-1/2"]
[WhiteElo "2160"]
[BlackElo "2085"]
[PlyCount "98"]
[EventDate "1982.02.08"]
[Source "www.chesslib.no"]
[SourceDate "2004.05.04"]

1. e4 c5 2. Nf3 e6 3. d4 cxd4 4. Nxd4 Nf6 5. Nc3 d6 6. Bg5 a6 7. f4 Be7 8. Qf3 h6 9. Bh4 Qc7 10. O-O-O Nc6 11. Be2 Bd7 12. Rhe1 Rc8 13. Nb3 b5 14. Bd3 Nb4 15. a3 Nxd3+ 16. Qxd3 Bc6 17. Bxf6 gxf6 18. Nd4 Bb7 19. Re3 Qc4 20. Nb3 Qxd3 21. Rexd3 Rg8 22. R1d2 Ba8 23. Rf2 Rc4 24. Nd2 Rc5 25. Rh3 Bf8 26. b4 Rc7 27. f5 exf5 28. exf5 Rxg2 29. Rxg2 Bxg2 30. Rg3 Bb7 31. Nce4 Be7 32. Rh3 d5 33. Nf2 a5 34. Rxh6 axb4 35. axb4 Bxb4 36. Rxf6 Rc6 37. Ng4 Rxf6 38. Nxf6+ Ke7 39. Ng4 f6 40. Nf3 Bc8 41. Nd4 Bc5 42. Nxb5 Bxf5 43. h3 Be4 44. Kd2 f5 45. Ne5 Ke6 46. Nd3 Bb6 47. c3 Kf6 48. h4 Bg1 49. Nd4 Bh2 1/2-1/2